Statistics for Phoenix Suns 2010's Starters

Click here to take the quiz!

General Stats

  • This quiz has been taken 433 times
    (388 since last reset)
  • The average score is 10 of 26

Answer Stats

PlayerStarts% Correct
Devin Booker4
100%
Steve Nash3
91%
Deandre Ayton1
85%
Amar'e Stoudemire1
82%
Eric Bledsoe2
71%
Goran Dragić3
61%
Tyson Chandler3
48%
Mikal Bridges1
43%
Alex Len2
37%
Markieff Morris1
33%
T.J. Warren3
33%
Grant Hill3
32%
Marcin Gortat2
32%
P.J. Tucker4
31%
Jason Richardson1
28%
Brandon Knight1
27%
Gerald Green1
23%
Tyler Ulis1
22%
Robin Lopez1
21%
Jared Dudley2
19%
Marquese Chriss2
18%
Vince Carter1
17%
Channing Frye4
15%
Miles Plumlee1
13%
De'Anthony Melton1
5%
Luis Scola1
5%

Score Distribution

Percentile by Number Answered

Percent of People with Each Score

Your Score History

You have not taken this quiz since the last reset